Sovietsky zväz - hlavná opora mieru a nášho socialistického budovania Rokoval IX. zjazd Zväzu československo-sovietskeho priateľstva

Bibliographic Details
Main Author: Bednarič, Alfonz (Author)
Format: Article
Language:Slovak
Subjects:

MARC

LEADER 00000nab a2200000 a 4500
001 vtls000131790
003 SK-MaSNL
005 20260303032258.0
008 160201c1982 xo 0 slo
015 |a SNBRB19rr/mm-uuuuu 
035 |a CL0141896 
040 |a SNKBUCL  |b slo  |c SNKBUCL  |e AACR2 
041 0 |a slo 
044 |a xo  |c SK 
080 |a 329.71  |2 1981 
080 |a 061.2  |2 1981 
080 |a 061.3  |2 1981 
100 1 |a Bednarič, Alfonz  |4 aut  |9 575158 
245 1 0 |a Sovietsky zväz - hlavná opora mieru a nášho socialistického budovania  |b Rokoval IX. zjazd Zväzu československo-sovietskeho priateľstva  |c Alfonz Bednarič 
650 0 7 |a ZČSSP  |2 snkbucl  |9 428307 
655 7 |a články z novín a časopisov  |2 snkbucl  |9 267496 
773 0 |t Pravda  |g Roč. 63, č. 295 (13. 12. 1982), s. 1-2 
850 |a Slovenská národná knižnica v Martine  |a MTA001 
852 |a SNK  |b KIS3GCP 
958 |a RK 
958 |a CZ 
992 |a RBX 
999 |c 1663458  |d 1665388